000 00464nam a2200181Ia 4500
008 180921t xxu||||| |||| 00| 0 sin d
041 _asin
080 _a572.525
_bSEE
100 _aSeeman, Rejee
245 _aඔබට දැනුම නෙතට පෙනුම
246 _aObata daenuma nethata penuma
260 _bEye foundation
300 _a25p., 20 cm
650 _aEye
942 _cBK
999 _c16473
_d16473
003 LK-CoDNM
040 _aLK-CoDNM
_dLK-CoDNM
_eLK-CoDNM